000 01998nam0a22003851 4500
001 rc\161869
005 20260406163827.0
010 _a5-88527-141-0
_920000
035 _a(NLR Aleph) 005427011
090 _a7536793
_c7536793
100 _a20030307d1996 |||y0rusy50 ca
101 0 _arus
102 _aRU
105 _ay |||||||||
200 1 _aСоциальная грусть
_e[Сборник]
_fМихаил Зощенко
_g[Сост., вступ. ст., с. 5-38, и коммент. Б.С. Рубена]
210 _aМ.
_cШк.-пресс
_d1996
215 _a765, [1] с.
_d22
225 1 _aКруг чтения: школьная программа
320 _aБиблиогр. в примеч.: с. 755-763
327 1 _aСодерж.: Перед восходом солнца; Сентимент. повести: Коза; Аполлон и Тамара; Люди; Страшная ночь; Сирень цветет; Рассказы и фельетоны
_aВ кн. также: Алиби Михаила Зощенко / Б. Рубен
464 0 _12001#$aПеред восходом солнца
_tПеред восходом солнца
464 0 _12001#$aКоза
_tКоза
464 0 _12001#$aАполлон и Тамара
_tАполлон и Тамара
464 0 _12001#$aЛюди
_tЛюди
464 0 _12001#$aСтрашная ночь
_tСтрашная ночь
464 0 _12001#$aСирень цветет
_tСирень цветет
464 0 _12001#$aРассказы и фельетоны
_tРассказы и фельетоны
464 0 _12001#$aАлиби Михаила Зощенко
_1700#1$aРубен$bБ.
_tАлиби Михаила Зощенко
_aРубен, Б.
700 1 _8rus
_7ca
_aЗощенко
_bМ. М.
_f1894-1958
_gМихаил Михайлович
_3RU\NLR\AUTH\7710334
_9120112
801 0 _aRU
_bNLR
_gpsbo
801 1 _aRU
_bELAR
_2rusmarc
852 _aNLR
_j97-3/3025
942 _cBOOK
980 _aNB